Name the NBA 2k17 Youtuber - Statistics

General Stats
  • This quiz has been taken 735 times
  • The average score is 2 of 5
Answer Stats
Hint Answer % Correct
Huge Thunder fan. Does MyTeam challenges all the time. Lost N Unbound
84%
SSH Member, Does prank videos to his girlfriend a lot. Streak Breaker PrettyBoyFredo
65%
#1 rep on Xbox 1. Rages a lot. Banned for no reason by Ronnie. Nadexe
31%
#1 Rep on PS4. Boosts OrlandoInChicago
29%
Xbox 1. First one to get Legend Takeover park badge. Im Annoyin Huh
4%
No matching quizzes found
Score Distribution
Percent of People with Each Score
Percentile by Number Answered
Your Score History
You have not taken this quiz